[Event "Quebec-ch U18"]
[Site "Sherbrooke CAN"]
[Date "1999.05.02"]
[Round "3"]
[White "Moskvitch, Andrei"]
[Black "Cardin, Guillaume"]
[Result "1-0"]
[WhiteElo "1977"]
[BlackElo "1680"]
[PlyCount "59"]
[GameId "2160767911805142"]
[EventDate "1999.05.01"]
[EventType "match"]
[EventRounds "4"]
[EventCountry "CAN"]

1. e4 c5 2. Nc3 Nc6 3. Nge2 d6 4. d4 cxd4 5. Nxd4 Nf6 6. Bg5 e6 7. Qd2 a6 8. O-O-O Be7 9. f4 Qc7 10. Be2 Bd7 11. Nb3 b5 12. Bxf6 gxf6 13. Bh5 b4 14. Ne2 a5 15. Kb1 Qb6 16. f5 exf5 17. exf5 Bxf5 18. Nbd4 Bg6 19. Bf3 Nxd4 20. Nxd4 Ra7 21. Bc6+ Kd8 22. Rhe1 Rc7 23. Qe3 Rxc6 24. Nxc6+ Qxc6 25. Qxe7+ Kc8 26. Rxd6 Qxc2+ 27. Ka1 Qc7 28. Qxf6 Kb8 29. Qxh8+ Kb7 30. Qf6 1-0

[Event "Quebec-ch U18"]
[Site "Sherbrooke CAN"]
[Date "1999.05.02"]
[Round "4"]
[White "Cardin, Guillaume"]
[Black "Moskvitch, Andrei"]
[Result "0-1"]
[WhiteElo "1680"]
[BlackElo "1977"]
[PlyCount "84"]
[GameId "2160767911805143"]
[EventDate "1999.05.01"]
[EventType "match"]
[EventRounds "4"]
[EventCountry "CAN"]

1. d4 Nf6 2. c4 e6 3. Nc3 d5 4. Bg5 Be7 5. e3 Nbd7 6. Nf3 h6 7. Bh4 O-O 8. Rc1 b6 9. Bd3 c5 10. O-O cxd4 11. exd4 dxc4 12. Bxc4 Bb7 13. Re1 Rc8 14. Bb3 Nd5 15. Bxe7 Nxe7 16. Ne5 Nf6 17. Nxf7 Rxf7 18. Bxe6 Kf8 19. Bxf7 Kxf7 20. Qe2 Qd7 21. Nb5 Rxc1 22. Rxc1 Qd5 23. f3 Ba6 24. a4 Bxb5 25. Qxb5 Qxd4+ 26. Kf1 Nfd5 27. b3 Ne3+ 28. Kf2 Qd2+ 29. Qe2 Qxc1 30. Qxe3 Qxe3+ 31. Kxe3 Ke6 32. Ke4 Nf5 33. g3 a5 34. g4 Nd6+ 35. Kd4 g6 36. h3 Nb7 37. Kc4 Nc5 38. b4 axb4 39. Kxb4 Ke5 40. a5 bxa5+ 41. Kxc5 Kf4 42. Kb5 Kxf3 0-1

[Event "Quebec-ch U20"]
[Site "Montreal CAN"]
[Date "1999.03.04"]
[Round "1"]
[White "Boulay, David"]
[Black "Hua, Lefong"]
[Result "1/2-1/2"]
[WhiteElo "2075"]
[BlackElo "2320"]
[PlyCount "80"]
[GameId "2160767911805543"]
[EventDate "1999.03.04"]
[EventType "tourn"]
[EventRounds "7"]
[EventCountry "CAN"]

1. d4 Nf6 2. c4 e6 3. Nc3 c5 4. e3 d5 5. Nf3 Nc6 6. a3 cxd4 7. exd4 Be7 8. c5 b6 9. Bb5 Bd7 10. b4 bxc5 11. bxc5 Ne4 12. Nxe4 dxe4 13. Bxc6 Bxc6 14. Ne5 Qd5 15. Nxc6 Qxc6 16. O-O Rd8 17. Qg4 O-O 18. Bf4 f5 19. Qg3 Rxd4 20. Be5 Bf6 21. Bxd4 Bxd4 22. Rab1 f4 23. Qb3 f3 24. Qb7 Qxb7 25. Rxb7 Bxc5 26. Re1 fxg2 27. Re2 e5 28. Kxg2 h5 29. a4 Bd4 30. a5 Kh7 31. Rc7 Rf4 32. h3 Kh6 33. Rc6+ Kg5 34. a6 g6 35. Re6 Rf3 36. Rc2 Rf8 37. h4+ Kxh4 38. Rxg6 Rf4 39. Re2 Bc5 40. Rg3 Bd4 1/2-1/2

[Event "Quebec-ch U20"]
[Site "Montreal CAN"]
[Date "1999.03.04"]
[Round "1"]
[White "Gravel, Simon jr"]
[Black "Cormos, Eugene"]
[Result "0-1"]
[WhiteElo "2173"]
[BlackElo "2083"]
[PlyCount "94"]
[GameId "2160767911805545"]
[EventDate "1999.03.04"]
[EventType "tourn"]
[EventRounds "7"]
[EventCountry "CAN"]

1. d4 d5 2. c4 e6 3. Nc3 Nf6 4. Bg5 Be7 5. e3 O-O 6. Nf3 Nbd7 7. Qc2 c6 8. Rd1 h6 9. Bf4 Qa5 10. Nd2 Re8 11. Bd3 Nh5 12. Be5 Nxe5 13. dxe5 g5 14. h4 g4 15. Be2 Ng7 16. Bxg4 b5 17. c5 Qb4 18. Be2 Qxc5 19. Nb3 Qb6 20. Rd4 Qb8 21. Nd1 Bd7 22. Nc5 Bxc5 23. Qxc5 Qxe5 24. Rh3 Qf6 25. Rg3 e5 26. Rd2 Kh8 27. e4 d4 28. a4 a6 29. Rdd3 Qxh4 30. Qd6 Rad8 31. Qc7 Qe7 32. Rdf3 Nh5 33. Rh3 Bxh3 34. Qxe7 Rxe7 35. Rxh3 Nf6 36. axb5 cxb5 37. Rxh6+ Kg7 38. Rh4 Rc7 39. Kd2 Rh8 40. Rxh8 Kxh8 41. Bd3 Nd7 42. g3 Nc5 43. f4 f6 44. Nf2 Rg7 45. fxe5 Rxg3 46. b4 Nxd3 47. Nxd3 Rxd3+ 0-1

[Event "Quebec-ch U20"]
[Site "Montreal CAN"]
[Date "1999.03.04"]
[Round "1"]
[White "Pescarus, Radu"]
[Black "Fortin, Marc"]
[Result "1-0"]
[WhiteElo "1981"]
[BlackElo "1989"]
[PlyCount "158"]
[GameId "2160767911805546"]
[EventDate "1999.03.04"]
[EventType "tourn"]
[EventRounds "7"]
[EventCountry "CAN"]

1. e4 c5 2. f4 d6 3. Nf3 Nc6 4. Bb5 Bd7 5. O-O e6 6. Nc3 a6 7. Bxc6 Bxc6 8. Qe1 Nf6 9. d3 Be7 10. Qg3 O-O 11. Kh1 b5 12. Nd1 Qc7 13. Ne3 Rfe8 14. f5 e5 15. Ng4 Nxg4 16. Qxg4 f6 17. c4 Qb7 18. Nd2 Bd8 19. Rf3 Qf7 20. Rh3 Kh8 21. Nf3 Bd7 22. Nh4 Kg8 23. Rg3 Re7 24. b3 Be8 25. Bd2 Qh5 26. Qxh5 Bxh5 27. h3 Kf7 28. Re3 Kf8 29. g4 Bf7 30. Ng2 b4 31. Ree1 Rea7 32. a3 a5 33. a4 Kg8 34. Ne3 Be7 35. Rf1 Rb8 36. Kh2 Rab7 37. Kg3 Rc8 38. Rg1 Bf8 39. Raf1 Be7 40. h4 Rbc7 41. Rf2 Kh8 42. Rh2 Bg8 43. Kf2 Bf8 44. g5 Rb7 45. Ng4 Rf7 46. g6 Rb7 47. gxh7 Bxh7 48. h5 Rf7 49. Ke2 Rb8 50. Rf1 Rc8 51. h6 gxh6 52. Rfh1 Be7 53. Bxh6 Rg8 54. Ne3 Bd8 55. Nd5 Rg3 56. Ne3 Be7 57. Kf2 Rg8 58. Kf3 Rb8 59. Nd5 Bd8 60. Rg1 Rbb7 61. Rhg2 Ra7 62. Kg4 Rab7 63. Kh5 Ra7 64. Ne3 Rab7 65. Nc2 Ra7 66. Ne1 Rab7 67. Nf3 Ra7 68. Nh4 Rfb7 69. Bf8 Be7 70. Bg7+ Kg8 71. Bxf6+ Kf7 72. Rg7+ Kf8 73. Bxe7+ Rxe7 74. Rxe7 Rxe7 75. Kh6 Ke8 76. Rg7 Rxg7 77. Kxg7 Bxf5 78. Nxf5 Kd7 79. Kf7 Kc6 1-0

[Event "Quebec-ch U20"]
[Site "Montreal CAN"]
[Date "1999.03.04"]
[Round "2"]
[White "Boulay, David"]
[Black "Dumesnil, Etienne"]
[Result "1-0"]
[WhiteElo "2075"]
[BlackElo "2019"]
[PlyCount "63"]
[GameId "2160767911805547"]
[EventDate "1999.03.04"]
[EventType "tourn"]
[EventRounds "7"]
[EventCountry "CAN"]

1. e4 c5 2. Nc3 d6 3. f4 Nc6 4. Nf3 g6 5. g3 Bg7 6. d3 Nf6 7. Bg2 Qb6 8. O-O e6 9. Rb1 c4+ 10. d4 Ng4 11. Ne2 Nf6 12. e5 dxe5 13. fxe5 Nd5 14. Kh1 Nce7 15. Bd2 Nf5 16. Qc1 h5 17. c3 Bh6 18. Nf4 h4 19. Nxd5 exd5 20. Bxh6 h3 21. Bg5 hxg2+ 22. Kxg2 Ne7 23. Rf2 Bf5 24. Ra1 Qe6 25. Bf6 Rh5 26. Ng5 Bh3+ 27. Kg1 Qg4 28. Nxh3 Qxh3 29. Bxe7 Kxe7 30. Qf1 Qxf1+ 31. Raxf1 Rf8 32. Rf6 1-0

[Event "Quebec-ch U20"]
[Site "Montreal CAN"]
[Date "1999.03.04"]
[Round "2"]
[White "Cormos, Eugene"]
[Black "Pescarus, Radu"]
[Result "1/2-1/2"]
[WhiteElo "2083"]
[BlackElo "1985"]
[PlyCount "35"]
[GameId "2160767911805549"]
[EventDate "1999.03.04"]
[EventType "tourn"]
[EventRounds "7"]
[EventCountry "CAN"]

1. e4 c5 2. c3 Nf6 3. e5 Nd5 4. d4 cxd4 5. cxd4 e6 6. Nf3 Be7 7. Bd3 b6 8. O-O Bb7 9. Nc3 Nxc3 10. bxc3 Qc7 11. Bb2 O-O 12. Rc1 d6 13. Qe2 dxe5 14. Nxe5 Nd7 15. Nxd7 Qxd7 16. c4 Bf6 17. Rfd1 Rfd8 18. Bb1 1/2-1/2

[Event "Quebec-ch U20"]
[Site "Montreal CAN"]
[Date "1999.03.04"]
[Round "2"]
[White "Hua, Lefong"]
[Black "Fortin, Marc"]
[Result "0-1"]
[WhiteElo "2320"]
[BlackElo "1989"]
[PlyCount "84"]
[GameId "2160767911805550"]
[EventDate "1999.03.04"]
[EventType "tourn"]
[EventRounds "7"]
[EventCountry "CAN"]

1. c4 e6 2. Nc3 d5 3. d4 Nf6 4. cxd5 exd5 5. Bg5 Be7 6. e3 O-O 7. Bd3 h6 8. Bh4 b6 9. Qc2 c5 10. dxc5 bxc5 11. Rd1 Bb7 12. Nge2 Nbd7 13. O-O Re8 14. Bb5 a6 15. Ba4 Rf8 16. Bxd7 Qxd7 17. Bxf6 Bxf6 18. Nxd5 Bxd5 19. Nf4 Bb3 20. axb3 Qb7 21. Nd5 Bg5 22. f4 Bh4 23. f5 Rfd8 24. e4 Rab8 25. Rd3 Qb5 26. Rfd1 Rdc8 27. f6 c4 28. Ne7+ Kh7 29. Rh3 cxb3 30. Qb1 Rc2 31. Nf5 Bxf6 32. e5 Qxe5 33. Rf1 Qxb2 34. Qe1 Rxg2+ 35. Kh1 Qe2 36. Qb1 Qc2 37. Qe1 Re2 38. Qg3 Qe4+ 39. Kg1 Bd4+ 40. Nxd4 Qxd4+ 41. Kh1 Qe4+ 42. Kg1 b2 0-1

[Event "Quebec-ch U20"]
[Site "Montreal CAN"]
[Date "1999.03.05"]
[Round "3"]
[White "Dumesnil, Etienne"]
[Black "Hua, Lefong"]
[Result "0-1"]
[WhiteElo "2019"]
[BlackElo "2320"]
[PlyCount "84"]
[GameId "2160767911805551"]
[EventDate "1999.03.04"]
[EventType "tourn"]
[EventRounds "7"]
[EventCountry "CAN"]

1. e4 c5 2. Nf3 d6 3. d4 cxd4 4. Nxd4 Nf6 5. Nc3 g6 6. Be3 Bg7 7. f3 Nc6 8. Qd2 O-O 9. O-O-O Nxd4 10. Bxd4 Be6 11. Kb1 a6 12. g4 b5 13. a3 Rb8 14. h4 b4 15. axb4 Rxb4 16. Nd5 Rxd4 17. Nxe7+ Qxe7 18. Qxd4 Nxg4 19. Qb6 Ne5 20. h5 Nd7 21. Qxd6 Qf6 22. c3 Qxf3 23. Bd3 Rb8 24. Rdf1 Qg2 25. Bc2 Bxc3 26. Qxb8+ Nxb8 27. bxc3 Nc6 28. Rd1 Kf8 29. hxg6 hxg6 30. Rh8+ Ke7 31. Ra8 Qe2 32. Rd3 Bc4 33. Rd1 Qe3 34. Rc8 Qb6+ 35. Kc1 Ne5 36. Rd4 Be6 37. Ra8 Nc4 38. e5 Qb2+ 39. Kd1 Ne3+ 40. Kd2 Nxc2 41. Rdd8 Nd4+ 42. Kd3 Qe2+ 0-1

[Event "Quebec-ch U20"]
[Site "Montreal CAN"]
[Date "1999.03.05"]
[Round "3"]
[White "Gravel, Simon jr"]
[Black "Boulay, David"]
[Result "1-0"]
[WhiteElo "2173"]
[BlackElo "2075"]
[PlyCount "59"]
[GameId "2160767911805553"]
[EventDate "1999.03.04"]
[EventType "tourn"]
[EventRounds "7"]
[EventCountry "CAN"]

1. d4 Nf6 2. c4 g6 3. f3 c5 4. d5 d6 5. Nc3 Bg7 6. e4 O-O 7. Nge2 e6 8. Be3 exd5 9. cxd5 Re8 10. Nf4 Na6 11. Bxa6 bxa6 12. O-O Rb8 13. Rb1 Nd7 14. Na4 a5 15. Bd2 Ba6 16. Re1 Be5 17. Nh3 Rb4 18. f4 Bd4+ 19. Kh1 Nf6 20. Bxb4 axb4 21. Qf3 Re7 22. b3 Qe8 23. e5 Bb7 24. Qf1 dxe5 25. d6 Re6 26. Ng5 Rxd6 27. fxe5 Bxe5 28. Nxc5 Ba8 29. Nd3 Rd5 30. Qxf6 1-0

[Event "Quebec-ch U20"]
[Site "Montreal CAN"]
[Date "1999.03.05"]
[Round "4"]
[White "Boulay, David"]
[Black "Pescarus, Radu"]
[Result "0-1"]
[WhiteElo "2075"]
[BlackElo "1985"]
[PlyCount "80"]
[GameId "2160767911805555"]
[EventDate "1999.03.04"]
[EventType "tourn"]
[EventRounds "7"]
[EventCountry "CAN"]

1. e4 c5 2. Nc3 Nc6 3. f4 g6 4. Nf3 Bg7 5. g3 d6 6. Bg2 Nf6 7. d3 O-O 8. O-O a6 9. h3 Qc7 10. g4 e6 11. Be3 Rb8 12. Qd2 b6 13. Nh4 Rd8 14. g5 Nd7 15. f5 Nde5 16. Rf2 Bd7 17. Ne2 Na5 18. Raf1 exf5 19. exf5 Bc6 20. f6 Bf8 21. b3 Bxg2 22. Nxg2 d5 23. Bf4 d4 24. Ng3 Nac6 25. Ne4 Re8 26. Nh4 Qd7 27. Kh2 Re6 28. Re2 Rbe8 29. Qe1 Nb4 30. Bxe5 Rxe5 31. a3 Nd5 32. Qf2 Bd6 33. Kg1 Qxh3 34. Rfe1 Qg4+ 35. Kh1 Qh3+ 36. Kg1 Qg4+ 37. Kh1 Nf4 38. Rd2 Nh3 39. Qf1 Qxh4 40. Kg2 Qg4+ 0-1

[Event "Quebec-ch U20"]
[Site "Montreal CAN"]
[Date "1999.03.05"]
[Round "4"]
[White "Dumesnil, Etienne"]
[Black "Gravel, Simon jr"]
[Result "1-0"]
[WhiteElo "2019"]
[BlackElo "2173"]
[PlyCount "73"]
[GameId "2160767911805557"]
[EventDate "1999.03.04"]
[EventType "tourn"]
[EventRounds "7"]
[EventCountry "CAN"]

1. e4 e6 2. d4 d5 3. Nc3 Bb4 4. e5 c5 5. a3 Bxc3+ 6. bxc3 Ne7 7. Nf3 Bd7 8. a4 Qa5 9. Bd2 Nbc6 10. Bd3 O-O-O 11. O-O c4 12. Be2 Rdf8 13. Qc1 h6 14. Qa3 Qc7 15. Rfb1 Be8 16. a5 a6 17. Bc1 Na7 18. Nd2 Nb5 19. Qb2 g5 20. Ra4 Nxd4 21. Rb4 Nxe2+ 22. Kf1 Bb5 23. Kxe2 Qxe5+ 24. Kf1 Qc7 25. Rxb5 axb5 26. Qxb5 Qc6 27. Qb4 Ng6 28. Nf3 e5 29. Be3 Kc7 30. a6 bxa6 31. Qa5+ Kc8 32. Rb6 Qxb6 33. Qxb6 Rd8 34. Qc6+ Kb8 35. Bc5 Rhe8 36. Bd6+ Ka7 37. Bc7 1-0

[Event "Quebec-ch U20"]
[Site "Montreal CAN"]
[Date "1999.03.05"]
[Round "4"]
[White "Hua, Lefong"]
[Black "Cormos, Eugene"]
[Result "1/2-1/2"]
[WhiteElo "2320"]
[BlackElo "2083"]
[PlyCount "47"]
[GameId "2160767911805558"]
[EventDate "1999.03.04"]
[EventType "tourn"]
[EventRounds "7"]
[EventCountry "CAN"]

1. c4 b6 2. d4 Bb7 3. Nf3 e6 4. Nc3 Nf6 5. Bg5 Be7 6. e3 d5 7. cxd5 Nxd5 8. Bxe7 Qxe7 9. Bb5+ c6 10. Be2 Nxc3 11. bxc3 Nd7 12. O-O O-O 13. a4 c5 14. Qb3 Rab8 15. Qa3 Rfc8 16. Rfd1 Kf8 17. Bb5 Bxf3 18. gxf3 Nf6 19. a5 cxd4 20. Qxe7+ Kxe7 21. axb6 axb6 22. Ra7+ Kf8 23. cxd4 Nd5 24. Rda1 1/2-1/2

[Event "Quebec-ch U20"]
[Site "Montreal CAN"]
[Date "1999.03.06"]
[Round "5"]
[White "Pescarus, Radu"]
[Black "Dumesnil, Etienne"]
[Result "1-0"]
[WhiteElo "1985"]
[BlackElo "2019"]
[PlyCount "73"]
[GameId "2160767911805562"]
[EventDate "1999.03.04"]
[EventType "tourn"]
[EventRounds "7"]
[EventCountry "CAN"]

1. e4 c5 2. f4 d6 3. Nc3 Nc6 4. Nf3 g6 5. Bb5 Bg7 6. Bxc6+ bxc6 7. d3 e6 8. O-O Ne7 9. Qe1 O-O 10. Kh1 Qc7 11. Qh4 f6 12. Be3 Rb8 13. Rab1 Qa5 14. Bd2 Qc7 15. b3 Ba6 16. Na4 Bb5 17. Nb2 d5 18. c4 Ba6 19. Na4 dxe4 20. dxe4 Rbd8 21. Nxc5 Bc8 22. Be3 Qd6 23. Qe1 Bh6 24. Rd1 Qc7 25. Nd4 Rd6 26. e5 fxe5 27. fxe5 Rxf1+ 28. Qxf1 Bxe3 29. exd6 Qxd6 30. Ndxe6 Nd5 31. cxd5 Bxc5 32. Nxc5 Qxc5 33. dxc6 Bf5 34. Qc4+ Qxc4 35. bxc4 Kf7 36. c7 Ke7 37. Rd8 1-0

[Event "Quebec-ch U20"]
[Site "Montreal CAN"]
[Date "1999.03.06"]
[Round "6"]
[White "Dumesnil, Etienne"]
[Black "Fortin, Marc"]
[Result "0-1"]
[WhiteElo "2019"]
[BlackElo "1989"]
[PlyCount "136"]
[GameId "2160767911805564"]
[EventDate "1999.03.04"]
[EventType "tourn"]
[EventRounds "7"]
[EventCountry "CAN"]

1. e4 c5 2. Nf3 d6 3. d4 cxd4 4. Nxd4 Nf6 5. Nc3 Nc6 6. Bg5 Bd7 7. Qd2 Rc8 8. f4 Qa5 9. Nb3 Qd8 10. O-O-O a6 11. Bd3 e6 12. g4 Be7 13. Rdg1 Na5 14. Kb1 h6 15. Bh4 b5 16. Be1 Nxb3 17. axb3 b4 18. Ne2 Bc6 19. Ng3 a5 20. Qe2 Nd7 21. Bb5 Qb6 22. Bxc6 Qxc6 23. Nh5 g6 24. Ng3 Nc5 25. Qc4 Bh4 26. f5 Bxg3 27. Bxg3 Nxe4 28. Qd3 gxf5 29. gxf5 exf5 30. Rf1 a4 31. bxa4 Ra8 32. Rxf5 Nd2+ 33. Qxd2 Qxh1+ 34. Be1 Qe4 35. Rf2 Kd7 36. Re2 Qc4 37. Bh4 Rxa4 38. Re7+ Kc8 39. Qg2 Qb5 40. Qf3 f5 41. b3 Ra6 42. Qe3 Kb8 43. Bf6 Qf1+ 44. Qe1 Qxe1+ 45. Rxe1 Rh7 46. Rf1 Ra5 47. Rf4 Rb5 48. Bh4 Rg7 49. h3 Rg1+ 50. Kb2 Kc7 51. Bf2 Rg2 52. h4 Kd7 53. Kc1 Rg4 54. Rf3 Ke6 55. Bg3 Rd5 56. Re3+ Re4 57. Rf3 Kf6 58. Bf2 f4 59. Kb2 Kf5 60. Bb6 Kg4 61. Rf2 f3 62. Rf1 Re2 63. Kb1 Rdd2 64. Rg1+ Rg2 65. Rxg2+ Rxg2 66. c4 f2 67. Bxf2 Rxf2 68. c5 dxc5 0-1

[Event "Quebec-ch U20"]
[Site "Montreal CAN"]
[Date "1999.03.06"]
[Round "6"]
[White "Gravel, Simon jr"]
[Black "Pescarus, Radu"]
[Result "1/2-1/2"]
[WhiteElo "2173"]
[BlackElo "1985"]
[PlyCount "81"]
[GameId "2160767911805565"]
[EventDate "1999.03.04"]
[EventType "tourn"]
[EventRounds "7"]
[EventCountry "CAN"]

1. d4 Nf6 2. c4 e6 3. Nc3 Bb4 4. e3 O-O 5. Nge2 d5 6. cxd5 exd5 7. a3 Be7 8. g3 c6 9. Bg2 Bf5 10. O-O Re8 11. Nf4 Nbd7 12. f3 Bf8 13. g4 Bg6 14. Nxg6 hxg6 15. e4 c5 16. exd5 cxd4 17. Ne4 Qb6 18. Qa4 Nxe4 19. fxe4 Nc5 20. Qxd4 Nxe4 21. Qxb6 axb6 22. Be3 Nc5 23. Rf3 Rad8 24. Raf1 Nd7 25. Bd4 f6 26. h3 Bc5 27. Bxc5 bxc5 28. Rb3 b6 29. d6 Rb8 30. g5 fxg5 31. Bd5+ Kh7 32. Rf7 Red8 33. Re3 Nf6 34. Ree7 Rxd6 35. Rxg7+ Kh8 36. Be4 Nxe4 37. Rh7+ Kg8 38. Rhg7+ Kf8 39. Rgf7+ Kg8 40. Rg7+ Kh8 41. Rh7+ 1/2-1/2

[Event "Quebec-ch U20"]
[Site "Montreal CAN"]
[Date "1999.03.07"]
[Round "7"]
[White "Cormos, Eugene"]
[Black "Dumesnil, Etienne"]
[Result "0-1"]
[WhiteElo "2083"]
[BlackElo "2019"]
[PlyCount "88"]
[GameId "2160767911805568"]
[EventDate "1999.03.04"]
[EventType "tourn"]
[EventRounds "7"]
[EventCountry "CAN"]

1. e4 c5 2. c3 d6 3. d4 cxd4 4. cxd4 Nc6 5. Be3 g6 6. d5 Ne5 7. Bd4 Nf6 8. f4 Ned7 9. Nc3 e5 10. dxe6 fxe6 11. Nf3 Bg7 12. Ng5 Nb6 13. Bb5+ Ke7 14. e5 Nh5 15. Nce4 a6 16. exd6+ Kf8 17. Be2 Bxd4 18. Qxd4 Ng7 19. Nc5 Kg8 20. Nce4 Nd5 21. O-O h6 22. Nf3 Nf5 23. Qe5 Rh7 24. Bc4 Rf7 25. Rf2 Nfe3 26. Qd4 Nxc4 27. Qxc4 Rxf4 28. g3 Rf5 29. Re2 Rxf3 30. Kg2 Ne3+ 31. Rxe3 Rxe3 32. Qd4 Rxe4 33. Qxe4 Qg5 34. h4 Qd5 35. Qxd5 exd5 36. Rc1 Be6 37. Re1 Kf7 38. Rf1+ Kg7 39. Re1 Kf6 40. g4 Bxg4 41. Re7 Rd8 42. Rxb7 Rxd6 43. b4 d4 44. b5 axb5 0-1

[Event "Quebec-ch U20"]
[Site "Montreal CAN"]
[Date "1999.03.07"]
[Round "7"]
[White "Fortin, Marc"]
[Black "Gravel, Simon jr"]
[Result "0-1"]
[WhiteElo "1989"]
[BlackElo "2173"]
[PlyCount "62"]
[GameId "2160767911805569"]
[EventDate "1999.03.04"]
[EventType "tourn"]
[EventRounds "7"]
[EventCountry "CAN"]

1. e4 e6 2. d4 d5 3. Nd2 c5 4. exd5 Qxd5 5. Ngf3 cxd4 6. Nb3 Nc6 7. Be2 Nf6 8. Nbxd4 Nxd4 9. Qxd4 Bc5 10. Bb5+ Bd7 11. Bxd7+ Kxd7 12. Qa4+ Ke7 13. Bg5 b5 14. Qf4 Bd6 15. Qd4 Qxd4 16. Nxd4 Rhc8 17. c3 b4 18. Kd2 bxc3+ 19. bxc3 h6 20. Bxf6+ Kxf6 21. g3 Bc5 22. f4 Bxd4 23. cxd4 Rc4 24. Kd3 Rac8 25. g4 Rc3+ 26. Ke4 Rc2 27. h4 Re2+ 28. Kd3 Rec2 29. Ke4 R8c3 30. g5+ Ke7 31. Rhe1 Rh2 0-1

[Event "Quebec-ch U20"]
[Site "Montreal CAN"]
[Date "1999.03.07"]
[Round "7"]
[White "Pescarus, Radu"]
[Black "Hua, Lefong"]
[Result "0-1"]
[WhiteElo "1985"]
[BlackElo "2320"]
[PlyCount "90"]
[GameId "2160767911805570"]
[EventDate "1999.03.04"]
[EventType "tourn"]
[EventRounds "7"]
[EventCountry "CAN"]

1. e4 c5 2. f4 Nc6 3. Nc3 g6 4. Nf3 Bg7 5. Bc4 e6 6. f5 Nge7 7. fxe6 dxe6 8. O-O O-O 9. d3 Na5 10. Bb3 Nxb3 11. axb3 Nc6 12. Be3 Nd4 13. Qd2 Qd7 14. Bf4 f5 15. Rae1 Nxf3+ 16. Rxf3 b6 17. Bh6 Bb7 18. Bxg7 Kxg7 19. Rh3 Kg8 20. Qg5 Rae8 21. Rhe3 Bc6 22. exf5 exf5 23. Rxe8 Rxe8 24. Rxe8+ Qxe8 25. Qd2 Qe5 26. Qe2 Qd6 27. Qe3 Kf7 28. Qh6 Qd4+ 29. Kf1 Kg8 30. Qd2 Qg4 31. h3 Qg3 32. Kg1 Kf7 33. Qf2 Qg5 34. Qe2 Qc1+ 35. Kh2 Kf6 36. Nd1 h5 37. Ne3 Qxb2 38. Nc4 Qd4 39. Qd2 b5 40. Na5 Bd5 41. Qh6 Kf7 42. b4 cxb4 43. Nb3 Qe5+ 44. Kg1 Bxb3 45. cxb3 f4 0-1

[Event "Quebec-ch classe"]
[Site "St-Jean CAN"]
[Date "1999.10.01"]
[Round "1"]
[White "Auger, Bertrand"]
[Black "Wenaas, Eric"]
[Result "0-1"]
[WhiteElo "2042"]
[BlackElo "2271"]
[PlyCount "50"]
[GameId "2160767911742078"]
[EventDate "1999.10.01"]
[EventType "swiss"]
[EventRounds "5"]
[EventCountry "CAN"]

1. Nf3 d5 2. g3 Nf6 3. c4 e6 4. b3 Be7 5. Bg2 O-O 6. Bb2 c5 7. O-O Nc6 8. Na3 d4 9. d3 e5 10. Nc2 Re8 11. e3 Bf8 12. exd4 cxd4 13. Re1 a5 14. a3 Bg4 15. Qd2 Qb6 16. Rab1 Rad8 17. h3 Bc8 18. Ng5 h6 19. Ne4 Nxe4 20. Rxe4 Bf5 21. Re2 Qxb3 22. Qe1 Bxd3 23. Bxd4 Qa4 24. Rxb7 Nxd4 25. Nxd4 exd4 0-1

[Event "Quebec-ch classe"]
[Site "St-Jean CAN"]
[Date "1999.10.01"]
[Round "1"]
[White "Goldenberg, Danny"]
[Black "Michoura, Mikhail"]
[Result "1-0"]
[WhiteElo "2233"]
[BlackElo "2031"]
[PlyCount "27"]
[GameId "2160767911742079"]
[EventDate "1999.10.01"]
[EventType "swiss"]
[EventRounds "5"]
[EventCountry "CAN"]

1. e4 e5 2. Nf3 Nc6 3. Bc4 Bc5 4. O-O Nf6 5. d3 d6 6. c3 Bg4 7. Nbd2 a6 8. Bb3 Qd7 9. Re1 Nh5 10. Nf1 f5 11. h3 fxe4 12. hxg4 exf3 13. gxh5 fxg2 14. Nh2 1-0

[Event "Quebec-ch classe"]
[Site "St-Jean CAN"]
[Date "1999.10.01"]
[Round "1"]
[White "Marineau, Remi"]
[Black "Khassanov, Marat"]
[Result "0-1"]
[WhiteElo "2058"]
[BlackElo "2403"]
[PlyCount "56"]
[GameId "2160767911742080"]
[EventDate "1999.10.01"]
[EventType "swiss"]
[EventRounds "5"]
[EventCountry "CAN"]

1. e4 c5 2. d4 cxd4 3. Nf3 d6 4. Nxd4 Nf6 5. Nc3 Nc6 6. Bg5 e6 7. Qd2 a6 8. O-O-O Bd7 9. f4 b5 10. f5 b4 11. fxe6 fxe6 12. Nd5 exd5 13. Nxc6 Bxc6 14. exd5 Bd7 15. Re1+ Kf7 16. Bd3 Be7 17. Rhf1 a5 18. Re3 Ra7 19. Qe2 a4 20. g4 h6 21. Bg6+ Kxg6 22. Rxe7 Qxe7 23. Qxe7 hxg5 24. Qxd6 b3 25. a3 Bxg4 26. c4 Rc8 27. c5 Rd7 28. Qb6 Rxd5 0-1

[Event "Quebec-ch classe"]
[Site "St-Jean CAN"]
[Date "1999.10.01"]
[Round "1"]
[White "Mikanovic, Goran"]
[Black "Fortin, Marc"]
[Result "1-0"]
[WhiteElo "2349"]
[BlackElo "2051"]
[PlyCount "53"]
[GameId "2160767911742081"]
[EventDate "1999.10.01"]
[EventType "swiss"]
[EventRounds "5"]
[EventCountry "CAN"]

1. d4 d5 2. c4 e6 3. Nc3 Nf6 4. Bg5 Be7 5. e3 O-O 6. Nf3 h6 7. Bh4 b6 8. Bd3 Bb7 9. O-O c5 10. cxd5 Nxd5 11. Bxe7 Qxe7 12. Rc1 cxd4 13. Nxd4 Nd7 14. Qh5 Nc5 15. Bb1 Rfd8 16. Nce2 Nf6 17. Qh4 Rd5 18. f3 Ba6 19. Rfe1 Rh5 20. Qf2 e5 21. Ng3 Rg5 22. h4 Rxg3 23. Nf5 Qf8 24. Qxg3 Kh8 25. Qxe5 Nd3 26. Bxd3 Bxd3 27. Nxh6 1-0

[Event "Quebec-ch classe"]
[Site "St-Jean CAN"]
[Date "1999.10.01"]
[Round "1"]
[White "Schleifer, Michael"]
[Black "Belanger, Jacques"]
[Result "1-0"]
[WhiteElo "2422"]
[BlackElo "2062"]
[PlyCount "93"]
[GameId "2160767911742083"]
[EventDate "1999.10.01"]
[EventType "swiss"]
[EventRounds "5"]
[EventCountry "CAN"]

1. d4 Nf6 2. c4 g6 3. Nc3 Bg7 4. Bg5 h6 5. Bh4 O-O 6. e3 d6 7. Be2 Na6 8. h3 c5 9. Nf3 Bd7 10. O-O b6 11. Re1 Nc7 12. Bf1 a6 13. a4 Rb8 14. Bg3 Nh5 15. Bh2 f5 16. Rb1 a5 17. b3 Qe8 18. Nb5 Nxb5 19. cxb5 Rc8 20. Rc1 Be6 21. dxc5 dxc5 22. Nd2 Rd8 23. Qc2 Qd7 24. Bc4 Bxc4 25. Nxc4 Qb7 26. Rcd1 Kh7 27. f3 f4 28. exf4 Bd4+ 29. Kh1 Nxf4 30. Bxf4 Rxf4 31. Re6 Rf6 32. Re4 Qc7 33. Rde1 Rd7 34. Qe2 e5 35. Nxe5 Bxe5 36. Rxe5 Rfd6 37. Re8 Rd3 38. Qe6 Rg7 39. Qe4 Rd8 40. Re6 Rd4 41. Qc6 Qxc6 42. Rxc6 Rd3 43. Rxb6 Rxb3 44. Rc6 Rb4 45. Re4 Rd7 46. Rxc5 Rb1+ 47. Kh2 1-0

[Event "Quebec-ch classe"]
[Site "St-Jean CAN"]
[Date "1999.10.02"]
[Round "1"]
[White "Angers, Gilles"]
[Black "St Amand, Paul Jr"]
[Result "1/2-1/2"]
[WhiteElo "2009"]
[BlackElo "2160"]
[PlyCount "68"]
[GameId "2160767911742084"]
[EventDate "1999.10.01"]
[EventType "swiss"]
[EventRounds "5"]
[EventCountry "CAN"]

1. Nf3 c5 2. e4 d6 3. g3 Nc6 4. Nc3 g6 5. Bg2 Bg7 6. O-O e5 7. d3 Nge7 8. Bg5 h6 9. Be3 O-O 10. Ne2 b6 11. c3 d5 12. Qc2 d4 13. Bc1 Be6 14. c4 Qd7 15. Ne1 f5 16. f3 fxe4 17. fxe4 Rxf1+ 18. Bxf1 Rf8 19. Bg2 Bg4 20. Qd1 Qe6 21. Nc2 g5 22. Qe1 Kh7 23. Bd2 Ng6 24. Nc1 Bf3 25. Bxf3 Rxf3 26. Qe2 g4 27. Ne1 Rf8 28. a3 h5 29. h4 Bf6 30. b4 Be7 31. bxc5 bxc5 32. Rb1 Qd7 33. Rb5 Bd6 34. Bg5 a6 1/2-1/2